-
GOYAL, DR. RAMESH K. SHAH Dr. GAURANG
Entry Personal Name
Number of records used in: 1
001 - CONTROL NUMBER
003 - CONTROL NUMBER IDENTIFIER
005 - DATE AND TIME OF LATEST TRANSACTION
- control field:
20240108164608.0
008 - FIXED-LENGTH DATA ELEMENTS
- fixed length control field:
240108|| aca||aabn | a|a d
040 ## - CATALOGING SOURCE
- Original cataloging agency:
JRU
- Transcribing agency:
JRU
100 ## - HEADING--PERSONAL NAME
- Personal name:
GOYAL, DR. RAMESH K. SHAH Dr. GAURANG
670 ## - SOURCE DATA FOUND
- Source citation:
Work cat.: (JRU)7983: GOYAL, DR. RAMESH K. SHAH Dr. GAURANG, ELEMENTS OF HUMAN ANATOMY & PHYSIOLOGY & HEALTH EDUCATION